<?xml version="1.0" encoding="UTF-8"?>
<record
    xmlns:xsi="http://www.w3.org/2001/XMLSchema-instance"
    xsi:schemaLocation="http://www.loc.gov/MARC21/slim http://www.loc.gov/standards/marcxml/schema/MARC21slim.xsd"
    xmlns="http://www.loc.gov/MARC21/slim">

  <leader>01730naa a22002657a 4500</leader>
  <controlfield tag="001">7201</controlfield>
  <controlfield tag="003">KOSZ 005</controlfield>
  <controlfield tag="005">20190606151716.0</controlfield>
  <controlfield tag="008">141020b2010    pl a|||| |||| 10| 0 pol  </controlfield>
  <datafield tag="040" ind1=" " ind2=" ">
    <subfield code="c">BPP</subfield>
    <subfield code="d">KOSZ 005/EG</subfield>
  </datafield>
  <datafield tag="041" ind1=" " ind2=" ">
    <subfield code="a">pol</subfield>
    <subfield code="b">eng</subfield>
  </datafield>
  <datafield tag="044" ind1=" " ind2=" ">
    <subfield code="a">pl</subfield>
  </datafield>
  <datafield tag="080" ind1=" " ind2=" ">
    <subfield code="a">621.92</subfield>
  </datafield>
  <datafield tag="100" ind1="1" ind2=" ">
    <subfield code="a">MUSIA&#x141;, Wojciech.</subfield>
    <subfield code="d">1997 - .</subfield>
    <subfield code="b">Politechnika Koszali&#x144;ska - Wydzia&#x142; Mechaniczny,</subfield>
    <subfield code="c">Katedra In&#x17C;ynierii Produkcji</subfield>
  </datafield>
  <datafield tag="245" ind1="1" ind2="0">
    <subfield code="a">Wykorzystanie metody szlifowania materia&#x142;&#xF3;w ceramicznych w warunkach ci&#x105;gliwego usuwania materia&#x142;u do obr&#xF3;bki powierzchni tn&#x105;cej ceramicznych p&#x142;ytek skrawaj&#x105;cych = </subfield>
    <subfield code="b">Utilization of ceramic materials ductile-regime grinding method to machining of cutting surfaces of ceramic tool insert /  </subfield>
    <subfield code="c">Wojciech Musia&#x142;, Mariola Choroma&#x144;ska.</subfield>
  </datafield>
  <datafield tag="500" ind1=" " ind2=" ">
    <subfield code="a">Dane z autopsji.</subfield>
  </datafield>
  <datafield tag="520" ind1=" " ind2=" ">
    <subfield code="a">W artykule przedstawiono spos&#xF3;b obr&#xF3;bki kraw&#x119;dzi tn&#x105;cej p&#x142;ytek ceramicznych w warunkach plastycznego p&#x142;yni&#x119;cia materia&#x142;u obrabianego. W pracy przedstawiono projekty uchwyt&#xF3;w obr&#xF3;bkowych umo&#x17C;liwiaj&#x105;cych kszta&#x142;towanie poszczeg&#xF3;lnych kraw&#x119;dzi tn&#x105;cych p&#x142;ytek ceramicznych. Zaprezentowano r&#xF3;wnie&#x17C; wst&#x119;pne wyniki szlifowania ostrzy skrawaj&#x105;cych p&#x142;ytek ceramicznych.</subfield>
  </datafield>
  <datafield tag="650" ind1=" " ind2="0">
    <subfield code="a">P&#x142;ytki ceramiczne.</subfield>
  </datafield>
  <datafield tag="650" ind1=" " ind2="0">
    <subfield code="a">Ostrza skrawaj&#x105;ce.</subfield>
  </datafield>
  <datafield tag="655" ind1=" " ind2="0">
    <subfield code="a">Materia&#x142;y konferencyjne.</subfield>
  </datafield>
  <datafield tag="650" ind1=" " ind2="0">
    <subfield code="a">Szlifowanie</subfield>
  </datafield>
  <datafield tag="700" ind1="1" ind2=" ">
    <subfield code="a">CHOROMA&#x143;SKA, Mariola.</subfield>
    <subfield code="b">Politechnika Koszali&#x144;ska - Wydzia&#x142; Mechaniczny,</subfield>
    <subfield code="c">Katedra In&#x17C;ynierii Produkcji</subfield>
  </datafield>
  <datafield tag="773" ind1="0" ind2=" ">
    <subfield code="i">W :</subfield>
    <subfield code="t">Podstawy i technika obr&#xF3;bki &#x15B;ciernej / pod red. A. Go&#x142;&#x105;bczaka i B. Kruszy&#x144;skiego. -</subfield>
    <subfield code="d">&#x141;&#xF3;d&#x17A; : Politechnika &#x141;&#xF3;dzka, 2010. -</subfield>
    <subfield code="g">s. 261-268</subfield>
    <subfield code="k">Monografia Wydzia&#x142;u Mechanicznego / Politechnika &#x141;&#xF3;dzka</subfield>
  </datafield>
  <datafield tag="942" ind1=" " ind2=" ">
    <subfield code="c">ROZ</subfield>
    <subfield code="2">UKD</subfield>
  </datafield>
  <datafield tag="999" ind1=" " ind2=" ">
    <subfield code="c">7201</subfield>
    <subfield code="d">7201</subfield>
  </datafield>
  <datafield tag="952" ind1=" " ind2=" ">
    <subfield code="0">0</subfield>
    <subfield code="1">0</subfield>
    <subfield code="4">0</subfield>
    <subfield code="7">0</subfield>
    <subfield code="a">BPK</subfield>
    <subfield code="b">BPK</subfield>
    <subfield code="o">104285</subfield>
    <subfield code="y">ROZ</subfield>
  </datafield>
</record>
